<?xml version="1.0" encoding="UTF-8"?><?xml-stylesheet type="text/xsl" href="static/style.xsl"?><OAI-PMH xmlns="http://www.openarchives.org/OAI/2.0/" xmlns:xsi="http://www.w3.org/2001/XMLSchema-instance" xsi:schemaLocation="http://www.openarchives.org/OAI/2.0/ http://www.openarchives.org/OAI/2.0/OAI-PMH.xsd"><responseDate>2026-04-17T07:14:27Z</responseDate><request verb="GetRecord" identifier="oai:www.recercat.cat:2445/175938" metadataPrefix="marc">https://recercat.cat/oai/request</request><GetRecord><record><header><identifier>oai:recercat.cat:2445/175938</identifier><datestamp>2025-11-19T20:41:34Z</datestamp><setSpec>com_2072_1057</setSpec><setSpec>col_2072_478781</setSpec><setSpec>col_2072_478917</setSpec></header><metadata><record xmlns="http://www.loc.gov/MARC21/slim" xmlns:dcterms="http://purl.org/dc/terms/" xmlns:xsi="http://www.w3.org/2001/XMLSchema-instance" xmlns:doc="http://www.lyncode.com/xoai" xsi:schemaLocation="http://www.loc.gov/MARC21/slim http://www.loc.gov/standards/marcxml/schema/MARC21slim.xsd">
   <leader>00925njm 22002777a 4500</leader>
   <datafield ind2=" " ind1=" " tag="042">
      <subfield code="a">dc</subfield>
   </datafield>
   <datafield ind2=" " ind1=" " tag="720">
      <subfield code="a">Thondam, Sravan K.</subfield>
      <subfield code="e">author</subfield>
   </datafield>
   <datafield ind2=" " ind1=" " tag="720">
      <subfield code="a">Daousi, Christina</subfield>
      <subfield code="e">author</subfield>
   </datafield>
   <datafield ind2=" " ind1=" " tag="720">
      <subfield code="a">WIlding, John P.</subfield>
      <subfield code="e">author</subfield>
   </datafield>
   <datafield ind2=" " ind1=" " tag="720">
      <subfield code="a">Holst, Jens J.</subfield>
      <subfield code="e">author</subfield>
   </datafield>
   <datafield ind2=" " ind1=" " tag="720">
      <subfield code="a">Ameen, Gulizar Issa</subfield>
      <subfield code="e">author</subfield>
   </datafield>
   <datafield ind2=" " ind1=" " tag="720">
      <subfield code="a">Yang, Chenjing</subfield>
      <subfield code="e">author</subfield>
   </datafield>
   <datafield ind2=" " ind1=" " tag="720">
      <subfield code="a">Whitmore, Catherine</subfield>
      <subfield code="e">author</subfield>
   </datafield>
   <datafield ind2=" " ind1=" " tag="720">
      <subfield code="a">Mora Fayos, Sílvia</subfield>
      <subfield code="e">author</subfield>
   </datafield>
   <datafield ind2=" " ind1=" " tag="720">
      <subfield code="a">Cuthbertson, Daniel J.</subfield>
      <subfield code="e">author</subfield>
   </datafield>
   <datafield ind2=" " ind1=" " tag="260">
      <subfield code="c">2021-03-31T16:26:42Z</subfield>
   </datafield>
   <datafield ind2=" " ind1=" " tag="260">
      <subfield code="c">2021-03-31T16:26:42Z</subfield>
   </datafield>
   <datafield ind2=" " ind1=" " tag="260">
      <subfield code="c">2017</subfield>
   </datafield>
   <datafield ind2=" " ind1=" " tag="260">
      <subfield code="c">2021-03-31T16:26:43Z</subfield>
   </datafield>
   <datafield ind2=" " ind1=" " tag="520">
      <subfield code="a">Glucose-dependent insulinotropic polypeptide (GIP) beyond its insulinotropic effects may regulate postprandial lipid metabolism. Whereas the insulinotropic action of GIP is known to be impaired in type 2 diabetes mellitus (T2DM), its adipogenic effect is unknown. We hypothesized that GIP is anabolic in human subcutaneous adipose tissue (SAT) promoting triacylglycerol (TAG) deposition through reesterification of nonesterified fatty acids (NEFA), and this effect may differ according to obesity status or glucose tolerance. Twenty-three subjects categorized into four groups, normoglycemic lean (n = 6), normoglycemic obese (n = 6), obese with impaired glucose regulation (IGR; n = 6), and obese T2DM (n = 5), participated in a double-blind, randomized, crossover study involving a hyperglycemic clamp with a 240-min GIP infusion (2 pmol·kg−1·min−1) or normal saline. Insulin, NEFA, SAT-TAG content, and gene expression of key lipogenic enzymes were determined before and immediately after GIP/saline infusions. GIP lowered NEFA concentrations in the obese T2DM group despite diminished insulinotropic activity (mean NEFA AUC0-4 h ± SE, 41,992 ± 9,843 µmol·l−1·min−1 vs. 71,468 ± 13,605 with placebo, P = 0.039, 95% CI: 0.31-0.95). Additionally, GIP increased SAT-TAG in obese T2DM (1.78 ± 0.4 vs 0.86 ± 0.1-fold with placebo, P = 0.043, 95% CI: 0.1-1.8). Such effect with GIP was not observed in other three groups despite greater insulinotropic activity. Reduction in NEFA concentration with GIP correlated with adipose tissue insulin resistance for all subjects (Pearson, r = 0.56, P = 0.005). There were no significant gene expression changes in key SAT lipid metabolism enzymes. In conclusion, GIP appears to promote fat accretion and thus may exacerbate obesity and insulin resistance in T2DM.</subfield>
   </datafield>
   <datafield tag="653" ind2=" " ind1=" ">
      <subfield code="a">Diabetis</subfield>
   </datafield>
   <datafield tag="653" ind2=" " ind1=" ">
      <subfield code="a">Teixit adipós</subfield>
   </datafield>
   <datafield tag="653" ind2=" " ind1=" ">
      <subfield code="a">Diabetes</subfield>
   </datafield>
   <datafield tag="653" ind2=" " ind1=" ">
      <subfield code="a">Adipose tissues</subfield>
   </datafield>
   <datafield ind2="0" ind1="0" tag="245">
      <subfield code="a">Glucose-dependent insulinotropic polypeptide promotes lipid deposition in subcutaneous adipocytes in obese, type-2 diabetes patients: a maladaptive response</subfield>
   </datafield>
</record></metadata></record></GetRecord></OAI-PMH>